Nobel Văn học

Kaydedildi:
Detaylı Bibliyografya
Materyal Türü: Sách
Dil:Undetermined
Baskı/Yayın Bilgisi:  Thanh Niên  2011
Konular:
Etiketler: Etiketle
Etiket eklenmemiş, İlk siz ekleyin!
Thư viện lưu trữ: Trung tâm Thư viện - Trường Đại học Công nghiệp TP. Hồ Chí Minh
LEADER 00411nam a2200133Ia 4500
001 UIH_06794
008 231011s9999 xx 000 0 und d
082 |a  809 
245 0 |a  Nobel Văn học 
260 |b  Thanh Niên 
260 |c  2011 
650 |a  Văn học; Danh nhân thế giới;  
927 |a Sách 
980 |a Trung tâm Thư viện - Trường Đại học Công nghiệp TP. Hồ Chí Minh